Statistics for The ultimate destiny 2 quiz

Click here to take the quiz!

General Stats

  • This quiz has been taken 423 times
    (341 since last reset)
  • The average score is 20 of 51

Answer Stats

HintAnswer% Correct
Hunter arc subclassArcstrider
77%
Hunter sol subclassGunslinger
73%
Hunter void subclassNightstalker
72%
The 1st social spaceThe farm
71%
Warlock void subclassVoidwalker
71%
The raidLeviathan
69%
Warlock arc subclassStormcaller
63%
Final boss of the leviathan raidCalus
60%
who diesCayde-6
60%
what weapon was used to kill the person who diesAce of spades
58%
Titan sol subclassSunbreaker
58%
Warlock sol subclassDawnblade
57%
New world in the curse of OsirisMercury
54%
who killed the person who diesPrince uldren
53%
Titan void subclassSentinel
53%
Titan arc subclassStriker
53%
the vendor of the new patrol area in forsakenThe spider
52%
new end-game patrol area added in forsakendreaming city
50%
the vendor of the new end-game patrol area in forsakenpetra venj
50%
A special quest exotic that requires the raidLegend of acrius
48%
catalyst obtained from completion of prestige (vanilla destiny 2) raidlegend of acrius
48%
New patrol area added in forsakentangled shore
47%
Warmind campaign bossXol, will of the thousands
47%
Name of the new raid activityEater of worlds
45%
Warmind quest exotic power linear fusion rifle returning from destiny 1Sleeper simulant
45%
catalyst obtained from prestige (warmind) raid layersleeper simulant
45%
Forsaken max power level600
44%
Guardian of the only ghost (other than ours) who can talkOsiris
44%
forsaken max EXP level50
43%
Warmind quest exotic energy scout riflePolaris lance
42%
warmind quest exotic power swordWorldline zero
39%
Catalyst obtained from sword killsWorldline zero
39%
A special quest exotic from destiny 1MIDA multi-tool
37%
A submachine gun Related to the answer aboveMIDA mini-tool
35%
catalyst obtain from kills on nessussturm
35%
A special quest exotic not described in this quizSturm
35%
Required for the weapon aboveDrang
34%
A special quest exotic with five stepsRat king
32%
catalyst obtained from completion of prestige (curse of Osiris) raid layertelesto
24%
New raid activity in curse of OsirisRaid lair
19%
catalyst obtained from killsCrimson
10%
The main campaign bossGhoul
8%
catalyst obtained from raid encountersSky burners oath
8%
Vex from the past in the curse of OsirisPrecursors
6%
Name of new public event in the curse of OsirisVex crossroads
5%
catalyst obtained from killsborealis
3%
catalyst obtained from killsdarci
3%
catalyst obtained from killstractor cannon
3%
Season one exclusive Exotic emoteSix shooter
2%
Vex from the future in the curse of Osirisascendants
1%
destiny 2 moments of triumph year 1 event is called...Soltice of heroes
0%

Score Distribution

Percentile by Number Answered

Percent of People with Each Score

Your Score History

You have not taken this quiz since the last reset